[Event "Tournoi International du Pays de Charleroi 2018"]
[Site "Roux, Belgium"]
[Date "2018.08.01"]
[Round "6.19"]
[White "Nair, Sanjeev"]
[Black "Hamblok, Roel"]
[Result "0-1"]
[BlackTitle "FM"]
[WhiteElo "1942"]
[BlackElo "2286"]

1. e4 {[%clk 01:30:42]} {[%emt 00:00:17]} e5 {[%clk 01:30:30]} {[%emt
00:00:30]} 2. Nc3 {[%clk 01:30:44]} {[%emt 00:00:28]} Bc5 {[%clk 01:30:27]}
{[%emt 00:00:33]} 3. g3 {[%clk 01:28:00]} {[%emt 00:03:14]} Nc6 {[%clk
01:28:33]} {[%emt 00:02:24]} 4. Bg2 {[%clk 01:28:20]} {[%emt 00:00:10]} a6
{[%clk 01:28:57]} {[%emt 00:00:07]} 5. Nge2 {[%clk 01:28:39]} {[%emt 00:00:10]}
d6 {[%clk 01:29:19]} {[%emt 00:00:08]} 6. d3 {[%clk 01:27:46]} {[%emt
00:01:23]} f5 {[%clk 01:25:31]} {[%emt 00:04:18]} 7. O-O {[%clk 01:08:43]}
{[%emt 00:19:33]} Nf6 {[%clk 01:23:39]} {[%emt 00:02:22]} 8. Nd5 {[%clk
01:08:50]} {[%emt 00:00:23]} h6 {[%clk 01:16:52]} {[%emt 00:07:18]} 9. h3
{[%clk 01:01:19]} {[%emt 00:08:01]} O-O {[%clk 01:15:16]} {[%emt 00:02:05]} 10.
Kh2 {[%clk 01:00:38]} {[%emt 00:01:11]} Ba7 {[%clk 01:05:51]} {[%emt 00:09:55]}
11. f4 {[%clk 00:51:50]} {[%emt 00:09:18]} Nxd5 {[%clk 01:02:03]} {[%emt
00:04:18]} 12. exd5 {[%clk 00:51:45]} {[%emt 00:00:36]} Ne7 {[%clk 01:02:02]}
{[%emt 00:00:30]} 13. b3 {[%clk 00:43:32]} {[%emt 00:08:43]} Ng6 {[%clk
00:57:52]} {[%emt 00:04:39]} 14. Bb2 {[%clk 00:24:51]} {[%emt 00:19:12]} Bd7
{[%clk 00:53:41]} {[%emt 00:04:41]} 15. Qd2 {[%clk 00:24:05]} {[%emt 00:01:17]}
Qf6 {[%clk 00:50:22]} {[%emt 00:03:49]} 16. Rae1 {[%clk 00:23:08]} {[%emt
00:01:27]} Rae8 {[%clk 00:50:17]} {[%emt 00:00:35]} 17. Qb4 {[%clk 00:21:51]}
{[%emt 00:01:46]} Bb6 {[%clk 00:42:42]} {[%emt 00:08:05]} 18. c4 {[%clk
00:17:53]} {[%emt 00:04:28]} h5 {[%clk 00:36:56]} {[%emt 00:06:16]} 19. fxe5
{[%clk 00:11:33]} {[%emt 00:06:50]} Nxe5 {[%clk 00:36:04]} {[%emt 00:01:22]} 20.
Bxe5 {[%clk 00:11:42]} {[%emt 00:00:21]} Rxe5 {[%clk 00:35:54]} {[%emt
00:00:40]} 21. d4 {[%emt 00:05:10]} Re7 {[%clk 00:31:27]} 22. c5 {[%clk
00:08:40]} {[%emt 00:03:49]} dxc5 {[%clk 00:22:27]} {[%emt 00:09:29]} 23. dxc5
{[%clk 00:09:06]} {[%emt 00:00:05]} Ba7 {[%clk 00:22:47]} {[%emt 00:00:11]} 24.
Nf4 {[%clk 00:08:01]} {[%emt 00:01:35]} Rxe1 {[%clk 00:20:37]} {[%emt
00:02:38]} 25. Rxe1 {[%clk 00:07:00]} {[%emt 00:01:31]} h4 {[%clk 00:20:28]}
{[%emt 00:00:40]} 26. Re3 {[%clk 00:05:36]} {[%emt 00:01:53]} Bc8 {[%clk
00:16:11]} {[%emt 00:04:47]} 27. Qc4 {[%clk 00:05:11]} {[%emt 00:00:56]} b5
{[%clk 00:10:13]} {[%emt 00:06:29]} 28. Qc1 {[%clk 00:03:16]} {[%emt 00:02:24]}
Qd4 {[%clk 00:08:36]} {[%emt 00:02:07]} 29. Nd3 {[%clk 00:02:18]} {[%emt
00:01:27]} hxg3 {[%clk 00:06:51]} {[%emt 00:02:16]} 30. Rxg3 {[%clk 00:02:14]}
{[%emt 00:00:35]} f4 {[%clk 00:07:01]} {[%emt 00:00:19]} 31. Rf3 {[%clk
00:01:33]} {[%emt 00:01:11]} Qxd5 {[%clk 00:04:52]} {[%emt 00:02:39]} 32. Nxf4
{[%clk 00:01:37]} {[%emt 00:00:26]} Qxc5 {[%clk 00:04:25]} {[%emt 00:00:57]} 33.
Rc3 {[%clk 00:00:36]} {[%emt 00:01:31]} Qe5 {[%clk 00:04:27]} {[%emt 00:00:27]}
34. Bd5+ {[%clk 00:00:38]} {[%emt 00:00:29]} Kh8 {[%clk 00:04:38]} {[%emt
00:00:19]} 35. Rf3 {[%clk 00:00:57]} {[%emt 00:00:11]} g5 {[%clk 00:02:25]}
{[%emt 00:02:43]} 36. Qc6 {[%clk 00:01:03]} {[%emt 00:00:24]} Rf6 {[%clk
00:02:03]} {[%emt 00:00:52]} 37. Qxf6 {[%clk 00:00:31]} {[%emt 00:01:03]} Qxf6
{[%clk 00:02:25]} {[%emt 00:00:08]} 38. Nd3 {[%emt 00:00:31]} Qd6 {[%clk
00:02:38]} {[%emt 00:00:15]} 0-1

[Event "Tournoi International du Pays de Charleroi 2018"]
[Site "Roux, Belgium"]
[Date "2018.08.01"]
[Round "6.18"]
[White "Naumkin, Igor"]
[Black "Van Uytven, Eric"]
[Result "1-0"]
[WhiteTitle "GM"]
[WhiteElo "2379"]
[BlackElo "2046"]

1. d4 {[%emt 00:00:26]} Nf6 {[%clk 01:29:14]} {[%emt 00:01:32]} 2. c4 {[%clk
01:30:59]} {[%emt 00:00:20]} e6 {[%clk 01:29:21]} {[%emt 00:00:21]} 3. Nf3
{[%clk 01:31:11]} {[%emt 00:00:18]} b6 {[%clk 01:29:34]} {[%emt 00:00:17]} 4.
g3 {[%clk 01:31:36]} {[%emt 00:00:05]} Bb7 {[%clk 01:29:52]} {[%emt 00:00:13]}
5. Bg2 {[%clk 01:32:00]} {[%emt 00:00:06]} Be7 {[%clk 01:30:12]} {[%emt
00:00:08]} 6. Nc3 {[%clk 01:32:15]} {[%emt 00:00:17]} O-O {[%clk 01:29:45]}
{[%emt 00:00:56]} 7. Qc2 {[%clk 01:32:37]} {[%emt 00:00:08]} Nc6 {[%clk
01:26:39]} {[%emt 00:03:35]} 8. O-O {[%clk 01:25:16]} {[%emt 00:07:52]} d5
{[%clk 01:25:22]} {[%emt 00:01:47]} 9. cxd5 {[%clk 01:25:17]} {[%emt 00:00:30]}
Nb4 {[%clk 01:25:10]} {[%emt 00:00:41]} 10. Qb1 {[%clk 01:21:11]} {[%emt
00:04:35]} Nbxd5 {[%clk 01:23:31]} {[%emt 00:02:10]} 11. Re1 {[%clk 01:20:54]}
{[%emt 00:00:46]} Nxc3 {[%clk 01:14:14]} {[%emt 00:09:48]} 12. bxc3 {[%clk
01:20:55]} {[%emt 00:00:29]} Be4 {[%clk 01:14:24]} {[%emt 00:00:20]} 13. Qb3
{[%clk 01:18:15]} {[%emt 00:03:10]} c5 {[%clk 01:10:10]} {[%emt 00:04:44]} 14.
Bg5 {[%clk 01:14:14]} {[%emt 00:04:31]} h6 {[%clk 01:02:36]} {[%emt 00:08:03]}
15. Bxf6 {[%clk 01:10:36]} {[%emt 00:04:08]} Bxf6 {[%clk 01:01:53]} {[%emt
00:01:14]} 16. Red1 {[%clk 01:01:42]} {[%emt 00:09:24]} Qc7 {[%clk 00:39:10]}
{[%emt 00:23:13]} 17. Ne1 {[%clk 00:56:27]} {[%emt 00:05:45]} Bxg2 {[%clk
00:35:46]} {[%emt 00:03:54]} 18. Nxg2 {[%clk 00:54:14]} {[%emt 00:02:41]} Rac8
{[%emt 00:08:59]} 19. e4 {[%clk 00:48:46]} {[%emt 00:05:51]} Rfd8 {[%clk
00:19:54]} {[%emt 00:08:01]} 20. e5 {[%clk 00:45:29]} {[%emt 00:03:48]} Be7
{[%clk 00:20:08]} {[%emt 00:00:16]} 21. h4 {[%clk 00:39:30]} {[%emt 00:06:28]}
Rd7 {[%clk 00:12:16]} {[%emt 00:08:23]} 22. Nf4 {[%clk 00:34:12]} {[%emt
00:05:48]} Rcd8 {[%clk 00:09:18]} {[%emt 00:03:29]} 23. d5 {[%clk 00:21:17]}
{[%emt 00:13:24]} c4 {[%clk 00:06:25]} {[%emt 00:03:24]} 24. Qc2 {[%clk
00:20:58]} {[%emt 00:00:47]} Qxe5 {[%clk 00:05:06]} {[%emt 00:01:50]} 25. dxe6
{[%clk 00:20:27]} {[%emt 00:01:02]} Rxd1+ {[%clk 00:05:02]} {[%emt 00:00:34]}
26. Rxd1 {[%clk 00:20:49]} {[%emt 00:00:07]} Rxd1+ {[%clk 00:05:25]} {[%emt
00:00:08]} 27. Qxd1 {[%clk 00:21:12]} {[%emt 00:00:06]} fxe6 {[%clk 00:05:42]}
{[%emt 00:00:12]} 28. Qd7 {[%clk 00:18:12]} {[%emt 00:03:31]} Bc5 {[%clk
00:03:04]} {[%emt 00:03:08]} 29. Qe8+ {[%clk 00:14:50]} {[%emt 00:03:52]} Kh7
{[%clk 00:03:32]} {[%emt 00:00:03]} 30. Qg6 {[%clk 00:14:55]} {[%emt 00:00:24]}
Kg8 {[%clk 00:03:53]} {[%emt 00:00:09]} 31. Kf1 {[%clk 00:14:46]} {[%emt
00:00:38]} Qf5 {[%clk 00:02:49]} {[%emt 00:01:35]} 32. Qxe6+ {[%clk 00:13:20]}
{[%emt 00:01:56]} Qxe6 {[%clk 00:03:13]} {[%emt 00:00:06]} 33. Nxe6 {[%clk
00:13:43]} {[%emt 00:00:07]} Bd6 {[%clk 00:02:21]} {[%emt 00:01:22]} 34. Ke2
{[%clk 00:13:33]} {[%emt 00:00:39]} Kf7 {[%clk 00:02:25]} {[%emt 00:00:26]} 35.
Nd8+ {[%clk 00:12:31]} {[%emt 00:01:32]} Ke8 {[%clk 00:01:36]} {[%emt
00:01:20]} 36. Nc6 {[%clk 00:12:24]} {[%emt 00:00:37]} a6 {[%clk 00:01:57]}
{[%emt 00:00:10]} 37. Nd4 {[%clk 00:11:37]} {[%emt 00:01:16]} b5 {[%clk
00:00:38]} {[%emt 00:01:49]} 38. Ke3 {[%clk 00:11:32]} {[%emt 00:00:34]} g6
{[%clk 00:00:56]} {[%emt 00:00:12]} 39. Ke4 {[%clk 00:11:25]} {[%emt 00:00:38]}
Kd7 {[%clk 00:01:19]} {[%emt 00:00:08]} 40. Kd5 {[%clk 00:11:22]} {[%emt
00:00:32]} h5 {[%clk 00:00:39]} {[%emt 00:01:10]} 41. Ne6 {[%clk 00:08:14]}
{[%emt 00:03:38]} b4 {[%clk 00:24:23]} {[%emt 00:06:46]} 42. cxb4 {[%clk
00:37:26]} {[%emt 00:01:18]} Bxb4 {[%clk 00:24:11]} {[%emt 00:00:42]} 43. Kxc4
{[%clk 00:35:33]} {[%emt 00:02:24]} Be1 {[%clk 00:24:17]} {[%emt 00:00:23]} 44.
Nc5+ {[%clk 00:35:46]} {[%emt 00:00:17]} Kd6 {[%clk 00:21:48]} {[%emt
00:02:59]} 45. Nd3 {[%clk 00:35:44]} {[%emt 00:00:31]} Ba5 {[%clk 00:16:29]}
{[%emt 00:05:49]} 46. Kd4 {[%clk 00:31:22]} {[%emt 00:04:52]} Bb6+ {[%clk
00:15:39]} {[%emt 00:01:21]} 47. Ke4 {[%clk 00:31:39]} {[%emt 00:00:12]} Ke6
{[%clk 00:15:27]} {[%emt 00:00:43]} 48. f4 {[%clk 00:27:54]} {[%emt 00:04:13]}
Ba7 {[%clk 00:11:46]} {[%emt 00:04:13]} 49. a4 {[%clk 00:26:48]} {[%emt
00:01:36]} a5 {[%emt 00:00:57]} 50. Ne5 {[%clk 00:22:30]} {[%emt 00:04:46]} Kf6
{[%clk 00:11:24]} {[%emt 00:00:27]} 51. Nc4 {[%clk 00:20:30]} {[%emt 00:02:29]}
Bf2 {[%clk 00:11:39]} {[%emt 00:00:16]} 52. Nxa5 {[%clk 00:20:05]} {[%emt
00:00:55]} Bxg3 {[%clk 00:12:02]} {[%emt 00:00:07]} 53. Nc4 {[%clk 00:17:41]}
{[%emt 00:02:54]} Bf2 {[%clk 00:08:35]} {[%emt 00:03:56]} 54. a5 {[%clk
00:15:30]} {[%emt 00:02:41]} Ba7 {[%clk 00:08:40]} {[%emt 00:00:25]} 55. Ne5
{[%clk 00:14:48]} {[%emt 00:01:56]} 1-0

[Event "Tournoi International du Pays de Charleroi 2018"]
[Site "Roux, Belgium"]
[Date "2018.08.01"]
[Round "6.7"]
[White "Maddens, Martijn"]
[Black "Goormachtigh, Johan"]
[Result "1-0"]
[WhiteElo "2141"]
[BlackElo "2148"]

1. e4 {[%clk 01:30:57]} {[%emt 00:00:02]} c5 {[%clk 01:30:45]} {[%emt
00:00:15]} 2. c3 {[%clk 01:31:23]} {[%emt 00:00:05]} Nf6 {[%clk 01:30:24]}
{[%emt 00:00:51]} 3. e5 {[%clk 01:31:48]} {[%emt 00:00:04]} Nd5 {[%clk
01:30:49]} {[%emt 00:00:05]} 4. d4 {[%clk 01:32:16]} {[%emt 00:00:02]} cxd4
{[%clk 01:31:07]} {[%emt 00:00:11]} 5. cxd4 {[%clk 01:32:43]} {[%emt 00:00:04]}
d6 {[%clk 01:30:46]} {[%emt 00:00:51]} 6. Nf3 {[%clk 01:33:05]} {[%emt
00:00:07]} Nc6 {[%clk 01:29:12]} {[%emt 00:02:05]} 7. Bc4 {[%clk 01:32:33]}
{[%emt 00:01:02]} Nb6 {[%clk 01:29:23]} {[%emt 00:00:19]} 8. Bb3 {[%clk
01:33:00]} {[%emt 00:00:04]} e6 {[%clk 01:13:46]} {[%emt 00:16:06]} 9. O-O
{[%clk 01:31:33]} {[%emt 00:01:55]} dxe5 {[%clk 01:03:32]} {[%emt 00:10:45]} 10.
dxe5 {[%clk 01:31:13]} {[%emt 00:00:51]} Qxd1 {[%clk 01:03:44]} {[%emt
00:00:17]} 11. Rxd1 {[%clk 01:31:37]} {[%emt 00:00:05]} Na5 {[%clk 01:04:06]}
{[%emt 00:00:09]} 12. Nc3 {[%clk 01:22:44]} {[%emt 00:09:23]} Bd7 {[%clk
01:00:19]} {[%emt 00:04:17]} 13. Be3 {[%clk 01:20:46]} {[%emt 00:02:27]} Bb4
{[%clk 00:49:22]} {[%emt 00:11:27]} 14. Ng5 {[%clk 01:12:39]} {[%emt 00:08:37]}
Bxc3 {[%clk 00:45:49]} {[%emt 00:04:04]} 15. bxc3 {[%clk 01:13:00]} {[%emt
00:00:09]} Nac4 {[%clk 00:36:47]} {[%emt 00:09:31]} 16. Nxf7 {[%clk 01:08:12]}
{[%emt 00:05:19]} Nxe3 {[%clk 00:32:36]} {[%emt 00:04:41]} 17. Nd6+ {[%clk
01:08:08]} {[%emt 00:00:34]} Ke7 {[%clk 00:33:00]} {[%emt 00:00:06]} 18. fxe3
{[%clk 01:08:31]} {[%emt 00:00:07]} Bc6 {[%clk 00:33:17]} {[%emt 00:00:14]} 19.
Nc4 {[%clk 00:58:37]} {[%emt 00:10:24]} Nd7 {[%clk 00:31:23]} {[%emt 00:02:24]}
20. Rd6 {[%clk 00:49:46]} {[%emt 00:09:20]} Nxe5 {[%clk 00:28:31]} {[%emt
00:03:23]} 21. Rad1 {[%clk 00:49:02]} {[%emt 00:01:14]} Nf7 {[%clk 00:28:46]}
{[%emt 00:00:14]} 22. R6d4 {[%clk 00:41:09]} {[%emt 00:08:23]} Rad8 {[%clk
00:27:53]} {[%emt 00:01:23]} 23. Na5 {[%clk 00:39:07]} {[%emt 00:02:33]} Ne5
{[%clk 00:28:14]} {[%emt 00:00:08]} 24. Rxd8 {[%clk 00:39:24]} {[%emt
00:00:14]} Rxd8 {[%clk 00:28:35]} {[%emt 00:00:09]} 25. Rxd8 {[%clk 00:39:52]}
{[%emt 00:00:02]} Kxd8 {[%clk 00:28:58]} {[%emt 00:00:07]} 26. Nxc6+ {[%clk
00:39:36]} {[%emt 00:00:45]} Nxc6 {[%clk 00:25:27]} {[%emt 00:04:02]} 27. Bxe6
{[%clk 00:37:59]} {[%emt 00:02:07]} Ne7 {[%clk 00:23:07]} {[%emt 00:02:50]} 28.
Kf2 {[%clk 00:33:33]} {[%emt 00:04:55]} Kc7 {[%clk 00:23:24]} {[%emt 00:00:14]}
29. Ke2 {[%clk 00:33:59]} {[%emt 00:00:04]} Kd6 {[%clk 00:23:44]} {[%emt
00:00:10]} 30. Bg4 {[%clk 00:33:52]} {[%emt 00:00:36]} a5 {[%clk 00:17:33]}
{[%emt 00:06:43]} 31. Kd3 {[%clk 00:32:44]} {[%emt 00:01:36]} Kc5 {[%clk
00:16:53]} {[%emt 00:01:12]} 32. Be6 {[%clk 00:28:34]} {[%emt 00:04:40]} b5
{[%clk 00:10:15]} {[%emt 00:07:08]} 33. h4 {[%clk 00:24:10]} {[%emt 00:04:54]}
Kd6 {[%clk 00:05:46]} {[%emt 00:04:59]} 34. Bh3 {[%clk 00:19:16]} {[%emt
00:05:23]} Ng6 {[%clk 00:04:54]} {[%emt 00:01:23]} 35. g3 {[%clk 00:17:29]}
{[%emt 00:02:16]} Ne5+ {[%clk 00:05:19]} {[%emt 00:00:05]} 36. Ke4 {[%clk
00:17:44]} {[%emt 00:00:15]} Nc4 {[%clk 00:03:20]} {[%emt 00:02:30]} 37. Kd4
{[%clk 00:16:26]} {[%emt 00:01:48]} Ne5 {[%clk 00:01:42]} {[%emt 00:02:07]} 38.
Bg2 {[%clk 00:14:14]} {[%emt 00:02:40]} h6 {[%clk 00:02:01]} {[%emt 00:00:13]}
39. Be4 {[%clk 00:08:53]} {[%emt 00:05:50]} g6 {[%clk 00:00:51]} {[%emt
00:01:41]} 40. Bd3 {[%clk 00:08:09]} {[%emt 00:01:13]} Nf3+ {[%clk 00:00:32]}
{[%emt 00:00:49]} 41. Ke4 {[%clk 00:08:24]} {[%emt 00:00:14]} Nd2+ {[%clk
00:00:49]} {[%emt 00:00:14]} 42. Kf4 {[%clk 00:08:32]} {[%emt 00:00:22]} Kc5
{[%clk 00:00:33]} {[%emt 00:00:47]} 43. g4 {[%clk 00:03:04]} {[%emt 00:05:57]}
a4 {[%clk 00:28:30]} {[%emt 00:02:33]} 44. g5 {[%clk 00:31:57]} {[%emt
00:01:38]} hxg5+ {[%clk 00:28:20]} {[%emt 00:00:40]} 45. hxg5 {[%clk 00:32:18]}
{[%emt 00:00:08]} 1-0

[ePGN "0.1;DGT LiveChess/2.1"]

[Event "Tournoi International du Pays de Charleroi 2018"]
[Site "Roux, Belgium"]
[Date "2018.08.02"]
[Round "7.1"]
[White "Kasparov, Sergey"]
[Black "Gurevich, Mikhail"]
[Result "1/2-1/2"]
[WhiteTitle "GM"]
[BlackTitle "GM"]
[WhiteElo "2449"]
[BlackElo "2569"]

1. e4 {[%clk 01:30:55]} {[%emt 00:00:04]} e6 {[%clk 01:30:47]} {[%emt
00:00:14]} 2. d4 {[%clk 01:31:23]} {[%emt 00:00:03]} d5 {[%clk 01:31:12]}
{[%emt 00:00:04]} 3. Nd2 {[%clk 01:31:47]} {[%emt 00:00:06]} a6 {[%clk
01:31:11]} {[%emt 00:00:31]} 4. Ngf3 {[%clk 01:32:00]} {[%emt 00:00:16]} c5
{[%clk 01:31:34]} {[%emt 00:00:08]} 5. exd5 {[%clk 01:32:17]} {[%emt 00:00:13]}
exd5 {[%clk 01:31:59]} {[%emt 00:00:05]} 6. dxc5 {[%clk 01:32:40]} {[%emt
00:00:07]} Bxc5 {[%clk 01:32:21]} {[%emt 00:00:07]} 7. Nb3 {[%clk 01:33:03]}
{[%emt 00:00:08]} Bb6 {[%clk 01:32:46]} {[%emt 00:00:05]} 8. Qe2+ {[%clk
01:33:04]} {[%emt 00:00:30]} Ne7 {[%clk 01:33:10]} {[%emt 00:00:05]} 9. Be3
{[%clk 01:33:12]} {[%emt 00:00:22]} Nbc6 {[%clk 01:33:36]} {[%emt 00:00:04]} 10.
Bxb6 {[%clk 01:33:15]} {[%emt 00:00:27]} Qxb6 {[%clk 01:34:01]} {[%emt
00:00:05]} 11. Qd2 {[%clk 01:33:31]} {[%emt 00:00:13]} O-O {[%clk 01:34:12]}
{[%emt 00:00:20]} 12. Be2 {[%clk 01:33:06]} {[%emt 00:00:54]} a5 {[%clk
01:34:37]} {[%emt 00:00:05]} 13. a4 {[%clk 01:33:12]} {[%emt 00:00:24]} Bf5
{[%clk 01:29:39]} {[%emt 00:05:29]} 14. O-O {[%clk 01:32:24]} {[%emt 00:01:18]}
Rac8 {[%clk 01:25:25]} {[%emt 00:04:44]} 15. Bb5 {[%clk 01:28:44]} {[%emt
00:04:09]} Be4 {[%clk 01:21:03]} {[%emt 00:04:53]} 16. Nbd4 {[%clk 01:21:57]}
{[%emt 00:07:17]} Nxd4 {[%clk 01:14:27]} {[%emt 00:07:07]} 17. Nxd4 {[%clk
01:21:06]} {[%emt 00:01:20]} Nc6 {[%clk 01:13:08]} {[%emt 00:01:48]} 18. c3
{[%clk 01:18:10]} {[%emt 00:03:26]} Nxd4 {[%clk 01:08:35]} {[%emt 00:05:03]} 19.
Qxd4 {[%clk 01:18:27]} {[%emt 00:00:13]} Qxd4 {[%clk 01:07:44]} {[%emt
00:01:21]} 20. cxd4 {[%clk 01:18:19]} {[%emt 00:00:38]} Rc2 {[%clk 00:40:51]}
{[%emt 00:27:24]} 21. f3 {[%clk 01:18:36]} {[%emt 00:00:12]} Bg6 {[%clk
00:40:47]} {[%emt 00:00:33]} 22. Rf2 {[%clk 01:17:53]} {[%emt 00:01:13]} Rfc8
{[%clk 00:41:07]} {[%emt 00:00:10]} 23. Re1 {[%clk 01:17:40]} {[%emt 00:00:42]}
f6 {[%clk 00:39:41]} {[%emt 00:01:58]} 24. Re7 {[%clk 01:11:24]} {[%emt
00:06:45]} Rc1+ {[%clk 00:35:58]} {[%emt 00:04:13]} 25. Rf1 {[%clk 01:11:42]}
{[%emt 00:00:12]} R1c7 {[%clk 00:36:18]} {[%emt 00:00:10]} 26. Rfe1 {[%clk
01:10:29]} {[%emt 00:01:43]} Kf8 {[%clk 00:36:14]} {[%emt 00:00:34]} 27. Rxc7
{[%clk 01:09:42]} {[%emt 00:01:18]} Rxc7 {[%clk 00:36:39]} {[%emt 00:00:05]} 28.
Kf2 {[%clk 01:09:52]} {[%emt 00:00:19]} 1/2-1/2

[Event "Tournoi International du Pays de Charleroi 2018"]
[Site "Roux, Belgium"]
[Date "2018.08.02"]
[Round "7.27"]
[White "Russian, Carlo"]
[Black "Mueller, Martin"]
[Result "1-0"]
[WhiteElo "1992"]
[BlackElo "2078"]

1. e4 {[%clk 01:30:59]} c6 {[%clk 01:30:54]} {[%emt 00:00:06]} 2. Nc3 {[%clk
01:31:25]} {[%emt 00:00:03]} d5 {[%clk 01:31:16]} {[%emt 00:00:09]} 3. Nf3
{[%clk 01:31:51]} {[%emt 00:00:03]} Nf6 {[%clk 01:31:21]} {[%emt 00:00:25]} 4.
e5 {[%clk 01:32:17]} {[%emt 00:00:04]} Ne4 {[%clk 01:31:42]} {[%emt 00:00:10]}
5. Ne2 {[%clk 01:32:43]} {[%emt 00:00:03]} Qb6 {[%clk 01:19:13]} {[%emt
00:12:58]} 6. d4 {[%clk 01:33:03]} {[%emt 00:00:12]} c5 {[%clk 01:13:08]}
{[%emt 00:06:35]} 7. dxc5 {[%clk 01:18:33]} {[%emt 00:15:00]} Qxc5 {[%clk
00:59:58]} {[%emt 00:13:39]} 8. Be3 {[%clk 01:18:58]} {[%emt 00:00:05]} Qa5+
{[%clk 01:00:22]} {[%emt 00:00:06]} 9. c3 {[%clk 01:19:11]} {[%emt 00:00:18]}
Nc6 {[%clk 00:59:07]} {[%emt 00:01:46]} 10. Ned4 {[%clk 01:17:58]} {[%emt
00:01:42]} Bg4 {[%clk 00:45:37]} {[%emt 00:13:59]} 11. Bb5 {[%clk 01:16:46]}
{[%emt 00:01:43]} Rc8 {[%clk 00:43:21]} {[%emt 00:02:46]} 12. Nxc6 {[%clk
01:16:33]} {[%emt 00:00:43]} bxc6 {[%clk 00:41:51]} {[%emt 00:02:00]} 13. Qxd5
{[%clk 01:16:38]} {[%emt 00:00:24]} Qxb5 {[%clk 00:40:56]} {[%emt 00:01:26]} 14.
Qxe4 {[%clk 01:17:03]} {[%emt 00:00:05]} Bxf3 {[%clk 00:39:23]} {[%emt
00:02:03]} 15. Qxf3 {[%clk 01:17:28]} {[%emt 00:00:05]} Qxb2 {[%clk 00:39:25]}
{[%emt 00:00:27]} 16. O-O {[%clk 01:17:49]} {[%emt 00:00:09]} Qb5 {[%clk
00:30:29]} {[%emt 00:09:27]} 17. e6 {[%clk 01:13:46]} {[%emt 00:04:32]} fxe6
{[%clk 00:30:10]} {[%emt 00:00:50]} 18. Bd4 {[%clk 01:10:18]} {[%emt 00:03:57]}
Qf5 {[%clk 00:22:45]} {[%emt 00:07:55]} 19. Qe2 {[%clk 01:09:14]} {[%emt
00:01:35]} h5 {[%clk 00:16:33]} {[%emt 00:06:41]} 20. Rfe1 {[%clk 01:03:35]}
{[%emt 00:06:10]} Rh6 {[%clk 00:11:40]} {[%emt 00:05:23]} 21. Qa6 {[%clk
01:02:59]} {[%emt 00:01:05]} Rd8 {[%clk 00:08:46]} {[%emt 00:03:25]} 22. Re5
{[%clk 00:59:37]} {[%emt 00:03:51]} Qc2 {[%clk 00:07:58]} {[%emt 00:01:19]} 23.
Qxc6+ {[%clk 00:59:43]} {[%emt 00:00:24]} Kf7 {[%clk 00:08:19]} {[%emt
00:00:09]} 24. Qf3+ {[%clk 00:55:39]} {[%emt 00:04:34]} Kg8 {[%clk 00:06:26]}
{[%emt 00:02:23]} 25. Rxh5 {[%clk 00:55:11]} {[%emt 00:00:58]} Rxh5 {[%clk
00:06:02]} {[%emt 00:00:54]} 26. Qxh5 {[%clk 00:55:35]} {[%emt 00:00:05]} Rd5
{[%clk 00:05:50]} {[%emt 00:00:42]} 27. Qh3 {[%clk 00:48:16]} {[%emt 00:07:48]}
Qe4 {[%clk 00:05:38]} {[%emt 00:00:44]} 28. Kf1 {[%clk 00:42:05]} {[%emt
00:06:41]} Ra5 {[%clk 00:06:07]} {[%emt 00:00:02]} 29. Qe3 {[%clk 00:38:19]}
{[%emt 00:04:15]} Qd5 {[%clk 00:06:00]} {[%emt 00:00:37]} 30. Bxa7 {[%clk
00:33:18]} {[%emt 00:05:31]} Qc4+ {[%clk 00:06:29]} 31. Kg1 {[%clk 00:33:14]}
{[%emt 00:00:34]} Rxa2 {[%clk 00:06:50]} {[%emt 00:00:10]} 32. Rxa2 {[%emt
00:00:18]} Qxa2 {[%clk 00:07:19]} 33. h3 {[%clk 00:29:05]} {[%emt 00:04:52]}
Qa1+ {[%clk 00:06:27]} {[%emt 00:01:22]} 34. Kh2 {[%clk 00:29:15]} {[%emt
00:00:19]} Qa6 {[%clk 00:06:55]} {[%emt 00:00:03]} 35. Bb8 {[%clk 00:22:31]}
{[%emt 00:07:13]} Qc6 {[%clk 00:06:50]} {[%emt 00:00:36]} 36. Be5 {[%clk
00:19:59]} {[%emt 00:03:02]} Qc4 {[%clk 00:03:26]} {[%emt 00:03:54]} 37. Qd4
{[%clk 00:19:42]} {[%emt 00:00:47]} Qd5 {[%clk 00:03:45]} {[%emt 00:00:11]} 38.
c4 {[%clk 00:19:53]} {[%emt 00:00:19]} Qc6 {[%clk 00:04:13]} {[%emt 00:00:02]}
39. Bg3 {[%clk 00:15:27]} {[%emt 00:04:55]} Kf7 {[%clk 00:02:17]} {[%emt
00:02:27]} 40. Qf4+ {[%clk 00:15:29]} {[%emt 00:00:28]} Kg8 {[%clk 00:02:28]}
{[%emt 00:00:19]} 41. Qc7 {[%clk 00:15:47]} {[%emt 00:00:11]} Qxc7 {[%clk
00:30:19]} {[%emt 00:02:40]} 42. Bxc7 {[%clk 00:45:56]} {[%emt 00:00:20]} Kf7
{[%clk 00:30:48]} 43. Be5 {[%clk 00:46:11]} {[%emt 00:00:15]} Ke8 {[%clk
00:30:49]} {[%emt 00:00:30]} 44. Kg3 {[%clk 00:46:12]} {[%emt 00:00:27]} Kd7
{[%clk 00:31:15]} {[%emt 00:00:05]} 45. Kf3 {[%clk 00:46:33]} {[%emt 00:00:09]}
Kc6 {[%clk 00:31:42]} {[%emt 00:00:04]} 46. Ke4 {[%clk 00:46:50]} {[%emt
00:00:13]} Kc5 {[%clk 00:32:04]} {[%emt 00:00:08]} 47. Kd3 {[%clk 00:47:05]}
{[%emt 00:00:15]} g6 {[%clk 00:32:29]} {[%emt 00:00:05]} 48. f4 {[%clk
00:47:10]} {[%emt 00:00:24]} Bh6 {[%clk 00:32:55]} {[%emt 00:00:04]} 49. h4
{[%clk 00:47:34]} {[%emt 00:00:07]} Bf8 {[%clk 00:33:09]} {[%emt 00:00:16]} 50.
g4 {[%clk 00:46:44]} {[%emt 00:01:19]} Bh6 {[%clk 00:33:35]} {[%emt 00:00:04]}
1-0